1678 1212 1048 1742 1819 1854 1360 1476 1732 1350 1027 1117 1246 1193 1849 1011 1438 1668 1787 1064 1936 1606 1751 1020 1558 1400 1886 1829 1822 1285 1236 1197 1520 1160 1274 1913 1143 1506 1601 1376 1897 1743 1294 1915 1594 1787 1496 1505 1849 1323 1890 1333 1755 1927 1365 1514 1079 1045 1829 1490 1160 1254 1261 1673 1423 1234 1232 1346 1406 1343 1576 1033 1114 1030 1038 1366 1798 1856 1379 1170 1525 1115 1971 1746 1735 1147 1946 1967 1259 1003 1517 1496 1991 1374 1880 1171 1949 1162 1750 BCNSPRNW ULIB Ver.6.0+V

เปลี่ยนเป็นภาษาไทย

Change to English
 แสดงรายละเอียดบรรณานุกรม
  กลับหน้าหลัก

Brief Record : Get Marc (ISO 2709) : E-mail record : QR code < ปิดหน้าต่าง
LEADER : 00000nam 2200000uu 4500
001    13399111754
003     ULIB
008    110707s2552||||th 000 0 tha d
020    9786167207001
082 04 DS568^bร373ต 2552
100 0  รัตนวุฒิ เนจริญรัมย์
245 10 ตลาดน้ำ (มหาชล) มนต์เสน่ห์ตลาดโบราณ /^cรัตนวุฒิ เนจริญรัมย์
250    พิมพ์ครั้งที่ 2
260    กรุงเทพฯ :^bG life,^c2552
300    251 หน้า :^bภาพประกอบ, แผนที่
651  7 ตลาดน้ำ^xภูมิประเทศและการท่องเที่ยว
651  7 ตลาดน้ำ^xหนังสือนำเที่ยว
945    ^p245^l0^i027609
995    ทศพร
999 ^a ใช้งานได้ทุกระบบ
รายการนี้ยังไม่มีแท็ก
คุณยังไม่ได้ล็อกอิน คุณสามารถมีกิจกรรมร่วมกับเว็บไซต์ได้ แต่ต้องล็อกอินก่อน ::
  ล็อกอิน

รายการสื่อสารสนเทศ

ลำดับที่ ประเภท เลขเรียก/บาร์โค้ด สถานที่ สถานะ
- ไม่พบข้อมูล -

รายการใกล้เคียง
    ผู้แต่ง [รัตนวุฒิ เนจริญรัมย์]

BibComment


ยังไม่เคยถูกคอมเมนท์

คอมเมนท์ทรัพยากรรายการนี้
  คอมเมนท์: ตลาดน้ำ มหาชล มนต..


 Copyright 2026. Bcnsprnw @Library